| 000 | 00368nam a2200121Ia 4500 | ||
|---|---|---|---|
| 008 | 210430s9999 xx 000 0 und d | ||
| 082 | _a651.7 B783 B | ||
| 100 |
_aBovee ,Thill ,Schatzman _9232 |
||
| 245 |
_aBusiness Communication today _cBovee ,Thill ,Schatzman |
||
| 260 |
_aIslamabad _bNational Book Foundation _c2010 |
||
| 300 | _a118p. | ||
| 942 |
_cBK _2ddc |
||
| 999 |
_c562159 _d562159 |
||